00345nam a2200109Ia 4500008004100000245006000041245002000101260000900121650001300130999001900143952007300162171211s9999 xx 000 0 und d aMassad Ayoob's Greatest Handguns of the World Volume II cMassad F. Ayoob c2012 xMilitary c348280d348280 001040aCLbCLd2017-12-11l0r2017-12-11 00:00:00w2017-12-11yCBE